Śubhaṅkarī : (Record no. 19064)

MARC details
000 -LEADER
fixed length control field 01091nam a2200277 a 4500
005 - DATE AND TIME OF LATEST TRANSACTION
control field 20080811105156.0
008 - FIXED-LENGTH DATA ELEMENTS--GENERAL INFORMATION
fixed length control field 070914s2007 ii b 001 0 eng
010 ## - LCCN (DPL NO)
LC control number ENG-91800
020 ## - INTERNATIONAL STANDARD BOOK NUMBER
Terms of availability 330.00
035 ## - SYSTEM CONTROL NUMBER
System control number EN-75333
037 ## - SOURCE OF ACQUISITION
Source of stock number/acquisition DBAD / PUB
040 ## - CATALOGING SOURCE
Original cataloging agency dpl
Language of cataloging English
082 ## - DEWEY DECIMAL CLASSIFICATION NUMBER
Classification number 513.09
100 ## - MAIN ENTRY--PERSONAL NAME
Personal name Chacraverti, Śāntanu.
245 ## - TITLE STATEMENT
Title Śubhaṅkarī :
Remainder of title an indigenous tradition of elementary mathematical instruction /
Statement of responsibility, etc by Santanu Chacraverti.
260 ## - PUBLICATION, DISTRIBUTION, ETC. (IMPRINT)
Place of publication, distribution, etc Kolkata :
Name of publisher, distributor, etc The Asiatic Society,
Date of publication, distribution, etc 2007.
270 ## - ADDRESS
Address 1 Park Street
City Kolkata
Postal code 700016
300 ## - PHYSICAL DESCRIPTION
Extent xv, 176 p. ;
Dimensions 22 cm (Hb)
490 ## - SERIES STATEMENT
Series statement Monograph series; no. 43
500 ## - GENERAL NOTE
General note Includes bibliographical references and index.
546 ## - LANGUAGE NOTE
Language note Includes words in Bengali and Sanskrit
Information code or alphabet (roman)
650 ## - SUBJECT ADDED ENTRY--TOPICAL TERM
Topical term or geographic name as entry element Arithmetic
General subdivision History.
650 ## - SUBJECT ADDED ENTRY--TOPICAL TERM
Topical term or geographic name as entry element Mathematics
Geographic subdivision India
-- Bengal
General subdivision History.
942 ## - ADDED ENTRY ELEMENTS (KOHA)
Source of classification or shelving scheme Dewey Decimal Classification
Item type English Books
Call number suffix CHA
Classification part 513.09
Holdings
Withdrawn status Lost status Source of classification or shelving scheme Damaged status Not for loan Collection code Home library Current library Date acquired Source of acquisition Cost, normal purchase price Total Checkouts Full call number Barcode Date last seen Copy number Cost, replacement price Koha item type
    Dewey Decimal Classification   Not For Loan Non-fiction D.B.Act.Division D.B.Act.Division 25/11/2008 DBAD / PUB 330.00   513.09 CHA EN-75333 25/11/2008 1 330.00 English Books

© Delhi Public Library
Hit Counter
free hit counter